Guía de forasteros de la ciudad de Sevilla (Record no. 154881)
[ view plain ]
| 000 -LEADER | |
|---|---|
| campo de control de longitud fija | 00693nam a2200169 i 4500 |
| 001 - NÚMERO DE CONTROL | |
| campo de control | 154881 |
| 003 - IDENTIFICADOR DE NÚMERO DE CONTROL | |
| campo de control | ES-MaACL |
| 005 - FECHA Y HORA DE LA ÚLTIMA TRANSACCIÓN | |
| campo de control | 20230906205904.0 |
| 008 - DATOS DE LONGITUD FIJA--INFORMACIÓN GENERAL | |
| campo de control de longitud fija | 010308s1832 sp a |||| | spa d |
| 040 ## - FUENTE DE CATALOGACIÓN | |
| Centro catalogador/agencia de origen | CCPB | B |
| Lengua de catalogación | spa |
| Centro/agencia transcriptor | CCPB | B |
| 245 00 - MENCIÓN DEL TÍTULO | |
| Título | Guía de forasteros de la ciudad de Sevilla |
| Resto del título | : capital de Andaluzia, situada en la orilla izquierda del rio Guadalquivir. |
| 260 ## - PUBLICACIÓN, DISTRIBUCIÓN, ETC. | |
| Lugar de publicación, distribución, etc. | Sevilla : |
| Nombre del editor, distribuidor, etc. | [s.n.], |
| Fecha de publicación, distribución, etc. | 1832 ( |
| Fabricante | imprenta del Diario de Comercio) |
| 300 ## - DESCRIPCIÓN FÍSICA | |
| Extensión | [10], 196, 95, 34, 50, [2] en bl., 7 p., [1] de map. pleg. ; |
| Dimensiones | 17 cm. |
| 599 ## - NOTA A LAS ILUSTRACIONES | |
| NOTA A LAS ILUSTRACIONES | La h. pleg. es un plano fotográfico de la ciudad de Sevilla. |
| 651 #4 - PUNTO DE ACCESO ADICIONAL DE MATERIA--NOMBRE GEOGRÁFICO | |
| Nombre geográfico | Sevilla- |
| Subdivisión general | Descripción. |
| 9 (RLIN) | 9383 |
| 852 ## - LOCALIZACIÓN | |
| Ubicación | ES-MaACL |
| Número de control de estantería | D-3320 |
| Nota libre | -- Rust. |
| Estatus retirado | Estado de pérdida | Estado de daño | No para préstamo | Colección | Biblioteca de origen | Biblioteca actual | Ubicación en estantería | Fecha de adquisición | Fuente de adquisición | Total de préstamos | Signatura topográfica completa | Código de barras | Visto por última vez | Precio de reemplazo | Tipo de ítem Koha |
|---|---|---|---|---|---|---|---|---|---|---|---|---|---|---|---|
| Libros del s. XIX | Biblioteca del Ateneo de Madrid | Biblioteca del Ateneo de Madrid | Sala Valle Inclán | 17/01/2008 | D-3320 | 901162007 | 23/02/2023 | 23/02/2023 | Libro impreso antiguo |
